Catálogo
 En Linea

El poder y la clave de la memoria / (Registro nro. 19286)

Detalles MARC
000 -CABECERA
campo de control de longitud fija 00574cam a2200205 a 4500
001 - NÚMERO DE CONTROL
campo de control 000019772
005 - FECHA Y HORA DE LA ÚLTIMA TRANSACCIÓN
campo de control 20200929170132.0
008 - DATOS DE LONGITUD FIJA--INFORMACIÓN GENERAL
campo de control de longitud fija 100706s1981 sp 000 0 spa
020 ## - NÚMERO INTERNACIONAL ESTÁNDAR DEL LIBRO
Número Internacional Estándar del Libro 843020069-X
040 ## - FUENTE DE LA CATALOGACIÓN
Centro catalogador/agencia de origen DO-SdBNP
Lengua de catalogación spa
Centro/agencia transcriptor BNPHU
082 ## - NÚMERO DE LA CLASIFICACIÓN DECIMAL DEWEY
Número de clasificación 153.12
Número de documento/Ítem S844p
049 ## - FONDOS LOCALES (OCLC)
Fondos de biblioteca BNGR
100 1# - ENTRADA PRINCIPAL--NOMBRE DE PERSONA
Nombre de persona Stevens, E. W.
9 (RLIN) 42237
245 13 - MENCIÓN DE TÍTULO
Título El poder y la clave de la memoria /
Mención de responsabilidad, etc. E. W. Stevens ; traducción A. Albert.
250 ## - MENCIÓN DE EDICIÓN
Mención de edición 8a ed.
260 ## - PUBLICACIÓN, DISTRIBUCIÓN, ETC.
Lugar de publicación, distribución, etc. Barcelona :
Nombre del editor, distribuidor, etc. Sintes,
Fecha de publicación, distribución, etc. 1981.
300 ## - DESCRIPCIÓN FÍSICA
Extensión 87 p. ;
Dimensiones 17 cm.
650 #4 - PUNTO DE ACCESO ADICIONAL DE MATERIA--TÉRMINO DE MATERIA
Término de materia o nombre geográfico como elemento de entrada Memoria
9 (RLIN) 40852
700 1# - PUNTO DE ACCESO ADICIONAL--NOMBRE DE PERSONA
Nombre de persona Albert, A.
Término indicativo de función/relación tr.
9 (RLIN) 42238
Existencias
Estado de retiro Estado de pérdida Restricciones de uso No para préstamo Código de colección Localización permanente Ubicación/localización actual Ubicación en estantería Fecha de adquisición Número de inventario Total de préstamos Signatura topográfica completa Código de barras Fecha visto por última vez Precio válido a partir de Tipo de ítem Koha
    Préstamo interno   Monografías: Libros y Folletos General General En catalogación 06.07.2010 LF1   153.12 S844p 19772-10 25.06.2020 25.06.2020 Préstamo interno

Con tecnología Koha